[Event "Amber Rapid"]
[Site "Monte Carlo MNC"]
[Date "2007.03.22"]
[Round "5"]
[White "Vallejo Pons,F"]
[Black "Gelfand,B"]
[Result "1-0"]
[WhiteElo "2679"]
[BlackElo "2733"]

1.d4 Nf6 2.c4 e6 3.Nf3 d5 4.Nc3 c6 5.e3 Nbd7 6.Qc2 Bd6 7.b3 O-O 8.Be2 dxc4
9.bxc4 e5 10.O-O Re8 11.h3 exd4 12.exd4 Nf8 13.Rd1 Ng6 14.Rb1 Rb8 15.Bd3 Nf4
16.d5 Nxd3 17.Qxd3 cxd5 18.cxd5 h6 19.Be3 b6 20.Nd4 Rb7 21.Ncb5 Bf8 22.Nc6 Qd7
23.Rbc1 a6 24.Nc3 b5 25.Na5 Rb8 26.Bxh6 b4 27.Bf4 Rb6 28.Nc4 Rb7 29.Ne2 Rb5
30.Nd4 Nxd5 31.Nxb5 Nxf4 32.Qxd7 Bxd7 33.Nd4 Ba4 34.Re1 Rd8 35.Nb3 Bc6 36.Ne3 Bb5
37.Rcd1 Ne2+ 38.Kh2 Rc8 39.Nf5 Nc3 40.Rd2 Ra8 41.Ne7+ Bxe7 42.Rxe7 a5 43.Re5 a4
44.Nc1 Bc4 45.Rd4 Bxa2 46.Rxb4 Be6 47.Rc5 Nd1 48.f4 a3 49.Rcb5 Nc3 50.Rb8+ Rxb8
51.Rxb8+ Kh7 52.Ra8 a2 53.Ra5 Bc4 54.g4 f6 55.Kg2 Kg8 56.Kf2 Bf7 57.f5 Kh7
58.Ke1 Kh6 59.h4 Kh7 60.Kd2 Ne4+ 61.Kc2 Nf2 62.g5 Bc4 63.Nxa2 fxg5 64.hxg5 Nh3
65.g6+ Kh6 66.Nc3 Nf2 67.Kd2 Kg5 68.Ke3 Ng4+ 69.Kf3 Nf6 70.Ne4+ Nxe4 71.Kxe4 Bb3
72.Ke5 Bc2 73.Ke6 Bb3+ 74.Ke7 Bc4 75.Rc5 Bb3 76.Rb5 Bc4 77.Ra5 Bb3 78.Kf8  1-0

[Event "Open"]
[Site "Zagreb CRO"]
[Date "2007.03.22"]
[Round "6"]
[White "Bukal,V sr"]
[Black "Svrtan,Z"]
[Result "1-0"]
[WhiteElo "2419"]
[BlackElo "2072"]

1.c4 c6 2.d4 d5 3.e3 Nf6 4.Nc3 e6 5.Nf3 Nbd7 6.Qc2 a6 7.a4 Bb4 8.Bd3 c5 9.cxd5 exd5
10.O-O O-O 11.Na2 a5 12.Nxb4 cxb4 13.Ne5 Re8 14.f4 Nf8 15.Bd2 Be6 16.Be1 Rc8
17.Qe2 Ne4 18.f5 f6 19.Bh4 Qd6 20.Bb5 Bd7 21.Nxd7 Nxd7 22.Rac1 Rc7 23.Bd3 Rec8
24.Rxc7 Qxc7 25.Bxe4 dxe4 26.Qb5 Qc6 27.Qxa5 Nb6 28.Qxb4 Nxa4 29.d5 Qd7 30.Qxe4 Nxb2
31.Qe6+ Qxe6 32.fxe6 Nd3 33.d6 Kf8 34.Bg3 Ra8 35.d7 Ke7 36.Bc7 Ne5 37.d8=Q+ Rxd8
38.Bxd8+ Kxd8 39.Rb1 Ke7 40.Rxb7+ Kxe6 41.Rxg7  1-0

[Event "VIII Dos Hermanas Internet"]
[Site "ICC INT"]
[Date "2007.03.23"]
[Round "1.2"]
[White "Fridman,D2"]
[Black "Sammour Hasbun,J"]
[Result "1/2-1/2"]
[WhiteElo "2626"]
[BlackElo "2449"]

1.d4 Nf6 2.Nf3 e6 3.c4 d5 4.Nc3 c6 5.e3 Nbd7 6.Qc2 Be7 7.b3 O-O 8.Be2 b6
9.O-O Bb7 10.Bb2 Rc8 11.Rad1 Qc7 12.Qb1 Rfd8 13.h3 a6 14.Rfe1 dxc4 15.bxc4 c5
16.d5 exd5 17.Nxd5 Nxd5 18.cxd5 Bf6 19.e4 c4 20.e5 c3 21.d6 Qc6 22.Bxc3 Qxc3
23.exf6 Qxf6 24.Nd4 g6 25.Qb4 b5 26.a4 Ne5 27.axb5 Rxd6 28.bxa6 Bxa6 29.Bxa6 Rxa6
30.Re4 Rd6 31.Qe1 Rcd8 32.Rxe5 Rxd4 33.Rxd4 Rxd4 34.Re8+ Kg7  1/2-1/2

[Event "VIII Dos Hermanas Internet"]
[Site "ICC INT"]
[Date "2007.03.23"]
[Round "1.1"]
[White "Sammour Hasbun,J"]
[Black "Fridman,D2"]
[Result "0-1"]
[WhiteElo "2449"]
[BlackElo "2626"]

1.d4 d5 2.c4 c6 3.Nf3 Nf6 4.Nc3 e6 5.e3 Nbd7 6.Bd3 dxc4 7.Bxc4 b5 8.Bd3 Bb7
9.O-O a6 10.e4 c5 11.d5 c4 12.Bc2 Qc7 13.dxe6 fxe6 14.Nd4 Nc5 15.Be3 e5 16.Nf3 Rd8
17.Qe2 Nd3 18.Rad1 Bb4 19.Bxd3 cxd3 20.Rxd3 Rxd3 21.Qxd3 O-O 22.Rc1 Bxc3
23.Qxc3 Qxc3 24.Rxc3 Nxe4 25.Rc7 Rf7 26.Rxf7 Kxf7 27.Nxe5+ Ke6 28.Nd3 Kd6
29.f3 Nf6 30.Bd4 Ne8 31.Kf2 g6 32.h4 Bd5 33.b3 Be6 34.Ke3 Bf5 35.Nc5 Nc7
36.g4 Bb1 37.a3 h5 38.Ne4+ Ke6 39.Kf4 Nd5+ 40.Kg5 hxg4 41.Kxg4 Bc2 42.Kg5 Ne7
43.Nc5+ Kd5 44.Bf2 Bd1 45.Kf6 Nf5 46.Kxg6 Nxh4+ 47.Bxh4 Kxc5 48.b4+ Kc4 49.f4 Bc2+
50.Kf7 Kd5 51.Kf6 Bb1 52.Bf2 Bc2 53.Bc5 Bb1 54.Ke7 Bc2 55.Bd6 Ke4 56.Kd8 Kf5
57.Kc7 Ba4 58.Kb6 Ke6 59.Be5 Kf5 60.Kxa6 Ke6 61.Kb6 Kf5 62.Kc5 Ke6 63.Kd4 Kf5
64.Kd5 Bb3+ 65.Kd6 Ba4 66.Ke7 Bb3 67.Bb8 Ba4 68.Kd6 Bb3 69.Kc5 Ba4 70.Kb6 Ke6  0-1

[Event "VIII Dos Hermanas Internet"]
[Site "ICC INT"]
[Date "2007.03.23"]
[Round "1.3"]
[White "Sammour Hasbun,J"]
[Black "Fridman,D2"]
[Result "1-0"]
[WhiteElo "2449"]
[BlackElo "2626"]

1.d4 d5 2.c4 c6 3.Nc3 Nf6 4.Nf3 e6 5.e3 a6 6.Qc2 c5 7.dxc5 Bxc5 8.a3 O-O
9.b4 Bd6 10.Bb2 Nc6 11.Rd1 a5 12.b5 Ne5 13.c5 Nxf3+ 14.gxf3 Bxc5 15.Nxd5 exd5
16.Qxc5 Bf5 17.Qd4 Rc8 18.Rg1 Bg6 19.Qh4 Qd6 20.Bd3 Ne8 21.Kf1 Bxd3+ 22.Rxd3 Rc2
23.Qd4 f6 24.Rg3 Nc7 25.Qg4 g6 26.Rb3 Ne6 27.Qf5 Rc4 28.Rd3 Nc7 29.f4 Kh8
30.Qh3 Rc2 31.f5 g5 32.Qh6 Rxb2 33.Rxg5 Qe7 34.Rg6 Rxb5 35.Rd4 Ne8 36.Kg2 Qf7
37.Rdg4 Rc5 38.a4 d4 39.exd4 Rxf5 40.h4 Qd5+ 41.Kg1 Qf7 42.Kg2 b5 43.axb5 Rxb5
44.Kh2 a4 45.d5 Rxd5 46.Rxa4 Qxg6 47.Qxf8+ Qg8 48.Qh6 Rd7 49.Rf4 Rg7 50.Qh5 Rg2+
51.Kh3 Rg1 52.Qf3 Nd6 53.Rd4 Nf7 54.Rd7 Rg7 55.Qxf6 h6 56.Re7 Kh7 57.Re6 Rg6
58.Qf5 Qg7 59.h5 Kh8 60.Rxg6 Ng5+ 61.Qxg5 hxg5 62.Rxg7 Kxg7 63.Kg4 Kh6 64.f3 Kh7
65.Kxg5 Kg7 66.f4 Kh7 67.f5 Kg7 68.f6+ Kf7 69.Kf5 Kf8 70.h6 Ke8 71.Kg6 Kf8
72.h7 Ke8 73.h8=Q+  1-0

[Event "Rector Cup m"]
[Site "Kharkiv UKR"]
[Date "2007.03.24"]
[Round "9"]
[White "Maiorov,N"]
[Black "Shalimov,V UKR"]
[Result "1-0"]
[WhiteElo "2516"]
[BlackElo "2393"]

1.d4 d5 2.c4 c6 3.Nc3 Nf6 4.e3 e6 5.Nf3 Nbd7 6.Qc2 Bd6 7.b3 O-O 8.Be2 b6
9.O-O Bb7 10.Bb2 Qe7 11.Rac1 Rad8 12.cxd5 exd5 13.Rfd1 Rfe8 14.Bf1 Nf8 15.g3 Ng6
16.Bg2 h5 17.Nd2 h4 18.Re1 Ng4 19.Nf3 Nf6 20.Qd1 Qe6 21.Nd2 Bb4 22.e4 c5
23.e5 Ne4 24.a3 Nxc3 25.Bxc3 Bxa3 26.Ra1 cxd4 27.Bxd4 Bc5 28.Nf3 a5 29.Qd2 Bb4
30.Bc3 Bxc3 31.Qxc3 Qc8 32.Qd4 hxg3 33.hxg3 Qc5 34.Qxc5 bxc5 35.Rxa5 Rc8
36.Bh3 Rc7 37.e6 f6 38.Rc1 c4 39.Nd4 Ne5 40.Ra7 Ra8 41.Rxa8+ Bxa8 42.Bg2 Bb7
43.f4 Nd3 44.Rc3 g6 45.bxc4 dxc4 46.Bxb7 Rxb7 47.Rxc4 f5 48.Rc8+ Kg7 49.Nc6 Rb1+
50.Kg2 Re1 51.e7  1-0

[Event "Rector Cup m"]
[Site "Kharkiv UKR"]
[Date "2007.03.26"]
[Round "11"]
[White "Maiorov,N"]
[Black "Arzumanian,G"]
[Result "1/2-1/2"]
[WhiteElo "2516"]
[BlackElo "2474"]

1.d4 d5 2.c4 c6 3.Nc3 Nf6 4.e3 e6 5.Nf3 Nbd7 6.Qc2 Bd6 7.b3 O-O 8.Be2 Qe7
9.O-O Re8 10.Rd1 dxc4 11.bxc4 e5 12.a4 Bb4 13.Ra2 b6 14.Qb3 a5 15.Ba3 e4
16.Nd2 h5 17.Rb1 c5 18.Nb5 Nf8 19.d5 Rd8 20.Bb2 Ng4 21.Ba1 Qh4 22.Bxg4 Qxg4  1/2-1/2

[Event "Spring Open"]
[Site "Belgrade SRB"]
[Date "2007.03.27"]
[Round "2"]
[White "Maksimovic,Mir"]
[Black "Brakus,D"]
[Result "1-0"]
[WhiteElo "2219"]
[BlackElo "2024"]

1.d4 Nf6 2.c4 e6 3.Nc3 d5 4.Nf3 c6 5.e3 Nbd7 6.Bd3 Bd6 7.O-O O-O 8.Qc2 Re8
9.e4 dxe4 10.Nxe4 Nxe4 11.Bxe4 Nf6 12.Bg5 h6 13.Bh4 Be7 14.Bd3 b6 15.Rad1 Bb7
16.Ne5 Rc8 17.Qe2 Rc7 18.Bb1 Qa8 19.c5 Nd5 20.Bg3 Rcc8 21.Qd3 Nf6 22.Ng4 g6
23.Nxh6+ Kg7 24.Nxf7  1-0

[Event "Vladimir Zak mem"]
[Site "St Petersburg RUS"]
[Date "2007.03.29"]
[Round "6"]
[White "Churkin,V"]
[Black "Savinov,L"]
[Result "1-0"]
[WhiteElo "2309"]
[BlackElo "2159"]

1.d4 d5 2.c4 c6 3.Nc3 Nf6 4.e3 e6 5.Nf3 Nbd7 6.Bd3 dxc4 7.Bxc4 b5 8.Bd3 a6
9.e4 c5 10.d5 c4 11.Bc2 e5 12.O-O Bc5 13.b3 cxb3 14.axb3 Ra7 15.b4 Bb6 16.Ne2 O-O
17.Bb2 Re8 18.Bd3 Qe7 19.Qd2 Qd6 20.Nc1 Bb7 21.Nb3 Raa8 22.Ne1 Rac8 23.Kh1 Nf8
24.Nc2 Ng6 25.Ne3 Nd7 26.Nf5 Qf8 27.Rfe1 Nf4 28.Bf1 g6 29.Ne3 Nf6 30.f3 Nd7
31.Ba3 Rc7 32.Ng4 f6 33.Rec1 Rec8 34.Rxc7 Rxc7 35.Ne3 Nh5 36.Rc1 Rxc1 37.Qxc1 Qh6
38.Nc5 a5 39.Bxb5 axb4 40.Bxb4 Qf8 41.Bxd7 Qh6 42.Bb5 f5 43.Bd2 Ng3+ 44.Kg1 f4
45.hxg3 fxg3 46.Nf1  1-0

[Event "Sander Schloss Open"]
[Site "Werther GER"]
[Date "2007.03.30"]
[Round "2"]
[White "Ovsejevitsch,S"]
[Black "Grochtmann,S"]
[Result "1-0"]
[WhiteElo "2545"]
[BlackElo "2089"]

1.d4 d5 2.c4 e6 3.Nc3 c6 4.Nf3 Nf6 5.e3 Nbd7 6.Qc2 Bd6 7.Bd2 O-O 8.O-O-O c5
9.cxd5 exd5 10.Kb1 a6 11.Rg1 b5 12.g4 Bb7 13.Bd3 c4 14.Bf5 b4 15.g5 Ne4 16.Nxe4 b3
17.axb3 dxe4 18.Bxe4 Bxe4 19.Qxe4 cxb3 20.Qd5 Qe7 21.Bc3 Nb6 22.Qxb3 Qe4+
23.Ka1 Qxf3 24.Qxb6 Bxh2 25.Rh1 Rab8 26.Qa5 Bd6 27.d5 Rb5 28.Qa4 Bb4 29.Bxb4 Qe4
30.f3 Rxb4 31.Qa3 Qc4 32.Rd4  1-0

[Event "Bundesliga 2006-7"]
[Site "Remagen GER"]
[Date "2007.03.31"]
[Round "14"]
[White "Straeter,T"]
[Black "Korneev,O"]
[Result "0-1"]
[WhiteElo "2345"]
[BlackElo "2606"]

1.d4 d5 2.c4 e6 3.Nf3 Nf6 4.Nc3 c6 5.e3 Nbd7 6.Qc2 Bd6 7.e4 dxe4 8.Nxe4 Nxe4
9.Qxe4 c5 10.Bg5 Be7 11.Bxe7 Qa5+ 12.Nd2 Kxe7 13.Qh4+ Nf6 14.Qg5 b6 15.dxc5 Rd8
16.O-O-O Qxa2 17.Be2 Bd7 18.Bd3 Rac8 19.Bb1 Qa5 20.Qxg7 Ba4 21.Ne4 Rxd1+
22.Rxd1 Nxe4 23.Bxe4 Bxd1 24.Qg5+ Kf8 25.Qh6+ Ke8 26.Kxd1 Qxc5 27.Qxh7 Qxf2
28.h4 Rd8+  0-1

[Event "Vladimir Zak mem"]
[Site "St Petersburg RUS"]
[Date "2007.03.31"]
[Round "8"]
[White "Churkin,V"]
[Black "Torshin,An"]
[Result "1-0"]
[WhiteElo "2309"]
[BlackElo "2132"]

1.c4 Nf6 2.Nf3 e6 3.d4 d5 4.Nc3 c6 5.e3 Nbd7 6.Bd3 Bd6 7.O-O O-O 8.e4 dxe4
9.Nxe4 Nxe4 10.Bxe4 h6 11.Bc2 f5 12.Re1 Re8 13.a3 Qf6 14.Bd2 e5 15.dxe5 Nxe5
16.Bc3 Nxf3+ 17.Qxf3 Be5 18.Rxe5 Rxe5 19.Qf4  1-0

[Event "ch-Catalonia"]
[Site "Barcelona ESP"]
[Date "2007.04.01"]
[Round "1"]
[White "Colom Andres,X"]
[Black "Aunes Cabanero,J"]
[Result "1-0"]
[WhiteElo "2055"]
[BlackElo "1830"]

1.d4 d5 2.c4 c6 3.Nc3 Nf6 4.Nf3 e6 5.e3 a6 6.Bd3 dxc4 7.Bxc4 b5 8.Bd3 Bb4
9.O-O O-O 10.e4 Bb7 11.Bg5 Be7 12.Qe2 Nbd7 13.Rfd1 Ne8 14.Bxe7 Qxe7 15.Rac1 Rc8
16.Bb1 b4 17.Na4 g6 18.Qe3 Kg7 19.Nc5 Nxc5 20.Rxc5 Rd8 21.Rdc1 Nd6 22.Ne5 Nb5
23.Ng4 Rh8 24.Qh6+ Kg8 25.e5 f5 26.exf6 Qf8 27.Qf4 Nxd4 28.Nh6+ Qxh6 29.Qxh6 Rd7
30.Re1 Nf5 31.Bxf5  1-0

[Event "Spring Open"]
[Site "Belgrade SRB"]
[Date "2007.04.01"]
[Round "7"]
[White "Damjanovic,B"]
[Black "Vukovic,L"]
[Result "0-1"]
[WhiteElo "2066"]
[BlackElo "1927"]

1.d4 Nf6 2.c4 e6 3.Nc3 c6 4.Nf3 d5 5.e3 Nbd7 6.Bd3 Bd6 7.O-O O-O 8.e4 dxe4
9.Nxe4 Be7 10.Bf4 Nxe4 11.Bxe4 Nf6 12.Bc2 Nh5 13.Be3 g6 14.Qe2 Bf6 15.Rad1 Qc7
16.g3 Re8 17.Ng5 b6 18.Nxh7 Bg7 19.Ng5 Ba6 20.b3 e5 21.Qg4 Bc8 22.Qf3 Nf6
23.dxe5 Bg4 24.Qf4 Bxd1 25.e6 Qxf4 26.exf7+ Kf8 27.fxe8=Q+ Rxe8 28.Bxf4 Bxc2
29.Rc1 Re2 30.Kf1 Bd3 31.Rc3 Re3+ 32.Kg1 Re1+ 33.Kg2 Bf1+ 34.Kf3 Ng4 35.Bd6+ Kg8
36.Rc2 Nxh2+ 37.Kf4 Bh6 38.f3 Nxf3 39.Kxf3 Bxg5 40.Bb8 a6 41.Bc7 b5 42.cxb5 Bd3
43.Rc3 Be4+ 44.Kg4 Bf6 45.b6 Bf5+ 46.Kf3 Bxc3 47.b7 Re8 48.Kf4 c5 49.b8=Q Rxb8
50.Bxb8 Bb4  0-1

[Event "ch-DEN"]
[Site "Aalborg DEN"]
[Date "2007.04.02"]
[Round "3"]
[White "Lund,E"]
[Black "Hansen,LB"]
[Result "1/2-1/2"]
[WhiteElo "2309"]
[BlackElo "2575"]

1.d4 d5 2.c4 c6 3.Nf3 e6 4.Nc3 Nf6 5.e3 Nbd7 6.Bd3 Bd6 7.O-O O-O 8.e4 dxe4
9.Nxe4 Nxe4 10.Bxe4 h6 11.Bc2 e5 12.Re1 Bb4 13.dxe5 Bxe1 14.Qxe1 Qe7 15.Bd2 Rd8
16.Bc3 Nf8 17.Qe4 Qe6 18.Nd4 Qxc4 19.Bb3 Qc5 20.e6 Bxe6 21.Nxe6 Nxe6 22.Bxe6 fxe6
23.Qxe6+ Kh7 24.Qf7 Rg8 25.Qxb7 Raf8 26.Rf1 Rf5 27.g3 a5 28.Qd7 Rd5 29.Qe6 Rf8
30.Qe4+ Kg8 31.Qe6+ Kh7 32.Qe4+ Kg8 33.Qe6+ Kh7  1/2-1/2

[Event "ch-Catalonia"]
[Site "Barcelona ESP"]
[Date "2007.04.02"]
[Round "2"]
[White "Sogues Tena,P"]
[Black "Penalver Guardia,J"]
[Result "0-1"]
[WhiteElo "1742"]
[BlackElo "1943"]

1.d4 d5 2.c4 c6 3.Nc3 e6 4.e3 Nf6 5.Nf3 Be7 6.Be2 O-O 7.O-O Nbd7 8.Qc2 b6
9.Bd3 Bb7 10.cxd5 cxd5 11.a4 Rc8 12.Bd2 Ne4 13.Bxe4 dxe4 14.Ne1 Ba6 15.Qxe4 Nf6
16.Qf3 Bxf1 17.Kxf1 Nd5 18.Ne4 Bb4 19.Qe2 Bxd2 20.Qxd2 Qh4 21.Nd6 Rc6 22.Nb5 a6
23.Nc3 Qxh2 24.e4 Nf4 25.f3 e5 26.d5 Rg6 27.Rd1 Qh1+ 28.Kf2 Nxg2 29.Nd3 Qh2
30.Kf1 Qh1+ 31.Kf2 Qh4+ 32.Kf1 Nf4 33.Nxf4 exf4 34.Qd4 Rg3 35.Qd3 Qh1+ 36.Kf2 Rg2+  0-1

[Event "ch-Catalonia"]
[Site "Barcelona ESP"]
[Date "2007.04.02"]
[Round "2"]
[White "Sanchez Coves,J"]
[Black "Lopez Gallego,M"]
[Result "0-1"]
[WhiteElo "1615"]
[BlackElo "1945"]

1.d4 d5 2.c4 e6 3.Nc3 Nf6 4.Nf3 c6 5.e3 Nbd7 6.Bd3 dxc4 7.Bxc4 b5 8.Bd3 Be7
9.O-O O-O 10.a3 Bb7 11.e4 Qc7 12.e5 Nd5 13.Qc2 g6 14.Bh6 Rfc8 15.Rac1 a6
16.Nxd5 exd5 17.b4 Nf8 18.h4 Qd7 19.Bxf8 Rxf8 20.h5 Qg4 21.hxg6 hxg6 22.Nh2 Qg5
23.Nf3 Qh6 24.Qd2 Qxd2 25.Nxd2 a5 26.Rb1 axb4 27.axb4 Ra4 28.Ra1 Rfa8 29.Rxa4 Rxa4
30.f4 Rxb4 31.Ra1 Rxd4 32.Ra7 Rxd3 33.Rxb7 Bc5+  0-1

[Event "30th Open"]
[Site "San Sebastian ESP"]
[Date "2007.04.02"]
[Round "2"]
[White "Czakon,J"]
[Black "Alonso Arburu,Jo"]
[Result "1-0"]
[WhiteElo "2482"]
[BlackElo "2105"]

1.d4 d5 2.c4 c6 3.Nc3 e6 4.e3 Nf6 5.Nf3 Nbd7 6.Qc2 dxc4 7.Bxc4 b5 8.Be2 Bb7
9.O-O a6 10.e4 c5 11.e5 Nd5 12.Bg5 Qb6 13.a4 cxd4 14.Nxd5 Bxd5 15.axb5 a5
16.Bd2 Be7 17.Rfc1 Bd8 18.b4 a4 19.Rxa4 Rxa4 20.Qxa4 O-O 21.Bf4 Bc7 22.Qa6 Ra8
23.Qxb6 Bxb6 24.Ne1 f6 25.Nd3 fxe5 26.Nxe5 Nxe5 27.Bxe5 Ra2 28.Kf1 d3 29.Bxd3 Rxf2+
30.Ke1 Rxg2 31.Rc8+ Kf7 32.Bd6 e5 33.Bxh7 Bf3 34.Rf8+ Ke6 35.Bc5 Bxc5 36.bxc5 e4
37.c6 Re2+ 38.Kf1 Rc2 39.b6 Rxc6 40.Re8+ Kd7 41.b7 e3 42.Bf5+ Kxe8 43.b8=Q+ Kf7
44.Qb3+ Kf8 45.Qxe3 Bd5 46.Qa3+ Ke8 47.Qa7 Bc4+ 48.Ke1 Rf6 49.Qxg7 Rxf5 50.Qg6+ Rf7
51.Qc6+  1-0

[Event "ch-Catalonia"]
[Site "Barcelona ESP"]
[Date "2007.04.03"]
[Round "3"]
[White "Moskalenko,V"]
[Black "Rios,Al"]
[Result "1-0"]
[WhiteElo "2539"]
[BlackElo "2342"]

1.d4 d5 2.c4 c6 3.Nf3 Nf6 4.Nc3 e6 5.e3 Nbd7 6.Bd3 dxc4 7.Bxc4 b5 8.Bd3 Bb7
9.O-O a6 10.e4 c5 11.d5 c4 12.Bc2 Bc5 13.dxe6 fxe6 14.e5 Nd5 15.Ng5 Nf8 16.Nce4 Be7
17.Qf3 Qc7 18.Nf7 Nb4 19.Bb1 Rg8 20.Bd2 Bd5 21.Nfd6+  1-0

[Event "Spring Open"]
[Site "Belgrade SRB"]
[Date "2007.04.03"]
[Round "9"]
[White "Kosovac,M"]
[Black "Vukovic,L"]
[Result "1/2-1/2"]
[WhiteElo "2050"]
[BlackElo "1927"]

1.Nf3 Nf6 2.c4 c6 3.d4 e6 4.Nc3 d5 5.e3 Bd6 6.Be2 O-O 7.O-O Nbd7 8.b3 Re8
9.Qc2 Nf8 10.Ne5 N6d7 11.f4 f6 12.Nd3 f5 13.g4 fxg4 14.Bxg4 Qh4 15.Qg2 Nf6
16.Be2 Bb4 17.Bd2 Bxc3 18.Bxc3 Ne4 19.Be1 Qh6 20.Ne5 Nd6 21.Rf3 g6 22.Rh3 Qg7
23.Bd3 Nf5 24.Bxf5 exf5 25.cxd5 cxd5 26.Qxd5+ Be6 27.Qa5 b6 28.Qd2 Rad8 29.Rc1 Bd5
30.Rg3 Rc8 31.h3 Qb7 32.h4 Rxc1 33.Qxc1 Rc8 34.Qd1 Qc7 35.Nd3 Be4 36.Nf2 Qc2
37.Qxc2 Bxc2 38.Rg2 Bb1 39.Kh2 Bxa2 40.b4 Bd5 41.Rg1 Rc2 42.Kg3 Re2 43.Nd1 Bb3
44.Bf2 Rc2 45.Be1 Bd5 46.Nc3 Bc4 47.e4 fxe4 48.Nxe4 Ne6 49.d5 Nd4 50.Nc3 Rxc3+
51.Bxc3 Ne2+ 52.Kh2 Nxg1 53.Kxg1 Bxd5 54.Kf2  1/2-1/2

[Event "8th ch-Euro"]
[Site "Dresden GER"]
[Date "2007.04.03"]
[Round "1"]
[White "Grant,J"]
[Black "Hillarp Persson,T"]
[Result "0-1"]
[WhiteElo "2283"]
[BlackElo "2557"]

1.c4 c6 2.Nc3 d5 3.d4 Nf6 4.e3 e6 5.Nf3 Nbd7 6.Qc2 Bd6 7.b3 O-O 8.Bb2 e5
9.cxd5 cxd5 10.dxe5 Nxe5 11.Be2 Nxf3+ 12.Bxf3 d4 13.exd4 Re8+ 14.Kf1 Qa5
15.a3 Bf5 16.Qd1 Rac8 17.b4 Qa6+ 18.Kg1 Ne4 19.Nxe4 Bxe4 20.Be2 Qc6 21.Rc1 Qd5
22.f3 Bg6 23.Qd2 Qf5 24.g4 Qf4 25.Qxf4 Bxf4 26.Rxc8 Rxc8 27.Bd1 h5 28.Kg2 hxg4
29.Rf1 gxf3+ 30.Bxf3 b6 31.Rf2 Bd6 32.Re2 a5 33.b5 Bd3 34.Rd2 Bxb5 35.Bd5 Rc7
36.Kf3 Bd7 37.Ke4 Kf8 38.Rf2 f5+ 39.Kd3 g6 40.Bc4 Bc6 41.d5 Bd7 42.Bc1 b5
43.Bh6+ Kf7 44.Bb3 Kf6 45.Bd2 b4 46.Bc4 g5 47.axb4 axb4 48.Be3 f4 49.Bd4+ Kg6
50.Bb3 Bf5+ 51.Kd2 Be4 52.Rf1 Rh7 53.Rf2 Kf5 54.Re2 f3 55.Rxe4 Kxe4 56.Bc2+ Kxd4
57.Bxh7 Bxh2 58.Bf5 Bd6 59.Bc2 g4 60.Bd1 Ke4 61.Bc2+ Kf4 62.Ke1 g3  0-1

[Event "8th ch-Euro"]
[Site "Dresden GER"]
[Date "2007.04.03"]
[Round "1"]
[White "Luechtemeier,P"]
[Black "Mastrovasilis,D"]
[Result "0-1"]
[WhiteElo "2270"]
[BlackElo "2546"]

1.d4 d5 2.c4 e6 3.Nc3 c6 4.e3 Nf6 5.Nf3 Nbd7 6.Qc2 Bd6 7.Bd3 O-O 8.O-O dxc4
9.Bxc4 b5 10.Be2 Bb7 11.Rd1 Qb8 12.e4 e5 13.d5 b4 14.dxc6 Bxc6 15.Nd5 Bxd5
16.exd5 e4 17.Nd4 Bxh2+ 18.Kh1 Bd6 19.Bg5 h6 20.Be3 Re8 21.Bb5 Bf4 22.Qd2 Bxe3
23.Qxe3 Re5 24.Bxd7 Nxd7 25.Qh3 Qe8 26.d6 Nf6 27.Nf5 Qb5 28.Ne7+ Kh7 29.Kg1 Rd8
30.Rac1 Nd5 31.Nc6 Nf4 32.Qe3 Ne2+ 33.Qxe2 Qxe2 34.Re1 Rc5 35.Nxd8 Rxc1 36.Rxc1 Qd2
37.Rc6 Qe1+ 38.Kh2 Qxf2 39.Nb7 e3 40.d7 Qh4+ 41.Kg1 e2  0-1

[Event "8th ch-Euro w"]
[Site "Dresden GER"]
[Date "2007.04.03"]
[Round "1"]
[White "Mira,H"]
[Black "Houska,Jo"]
[Result "0-1"]
[WhiteElo "2150"]
[BlackElo "2384"]

1.d4 d5 2.c4 c6 3.Nf3 Nf6 4.Nc3 e6 5.e3 Nbd7 6.Bd3 dxc4 7.Bxc4 b5 8.Bd3 Bd6
9.O-O O-O 10.Ne4 Nxe4 11.Bxe4 Bb7 12.Bd2 Qe7 13.Rc1 Rac8 14.Re1 a6 15.a3 Nf6
16.Bb1 Rfd8 17.Ba5 Re8 18.e4 e5 19.dxe5 Bxe5 20.Nxe5 Qxe5 21.Bc3 Qe6 22.b4 Red8
23.Qc2 Nd7 24.e5 Nf8 25.Ba2 Qg4 26.h3 Qg5 27.f4 Qxf4 28.Re4 Qh6 29.e6 fxe6
30.Rce1 Re8 31.Rg4 Rc7 32.Qf2 Rf7 33.Qd4 Bc8 34.Qd6 Bd7 35.Kh2 Kh8 36.Qd4 Rfe7
37.Re5 Ng6 38.Bd2 Nxe5 39.Bxh6 Nxg4+ 40.hxg4 e5 41.Bxg7+ Rxg7 42.Qd6 e4 43.g5 e3
44.Qd1 e2 45.Qe1 Rxg5 46.Qc3+ Rge5 47.Qe1 Be6 48.Bb1 Rh5+ 49.Kg1 Bd5 50.Bd3 Rg5
51.Qc3+ Kg8  0-1

[Event "8th ch-Euro"]
[Site "Dresden GER"]
[Date "2007.04.03"]
[Round "1"]
[White "Estremera Panos,S"]
[Black "Galkin,A"]
[Result "0-1"]
[WhiteElo "2386"]
[BlackElo "2590"]

1.d4 d5 2.c4 e6 3.Nc3 c6 4.e3 Nf6 5.Nf3 Nbd7 6.Bd3 dxc4 7.Bxc4 b5 8.Bd3 Bb7
9.e4 b4 10.Na4 c5 11.e5 Nd5 12.O-O Rc8 13.Nxc5 Nxc5 14.dxc5 Bxc5 15.Ng5 Be7
16.Ne4 Qc7 17.Qh5 a6 18.Re1 h6 19.Ng3 Qb6 20.Qg4 g6 21.Ne4 Bf8 22.Nd6+ Bxd6
23.exd6 Qxd6 24.h4 Nf6 25.Qf4 Qxf4 26.Bxf4 Ke7 27.Rac1 Rxc1 28.Rxc1 Nd5 29.Bd2 h5
30.Bc4 Kd7 31.Bxd5 Bxd5 32.Bxb4 Bxa2 33.Ba5 e5 34.Rc7+ Kd6 35.Ra7 Bc4 36.b3 Bxb3
37.Rxa6+ Kd5 38.Bc3 Re8 39.Ra7 Ke4 40.f3+ Kf5 41.Kf2 f6 42.Ra3 Rb8 43.Ke3 Bd1
44.Kd2 Rd8+ 45.Ke3 Bc2 46.Bd2 Rd4 47.Rc3 Bd1 48.Rc1 Bb3 49.g3 Rd6 50.Rc3 Bd1
51.Be1 Rb6 52.Rd3 Bxf3 53.Ra3 Bb7 54.Rc3 Kg4 55.Ra3 Kh3 56.Kf2 Rb2+ 57.Ke3 Kg2
58.Rd3 Ba6 59.Rd2+ Rxd2 60.Kxd2 Kf1  0-1

[Event "8th ch-Euro"]
[Site "Dresden GER"]
[Date "2007.04.03"]
[Round "1"]
[White "Iskusnyh,S"]
[Black "Tkachiev,V"]
[Result "1/2-1/2"]
[WhiteElo "2482"]
[BlackElo "2649"]

1.d4 d5 2.c4 c6 3.Nc3 Nf6 4.e3 e6 5.Nf3 Nbd7 6.Bd2 Bd6 7.Bd3 O-O 8.O-O a6
9.Rc1 dxc4 10.Bxc4 b5 11.Bd3 c5 12.Ne4 Nxe4 13.Bxe4 Rb8 14.dxc5 Nxc5 15.Ba5 Qe7
16.Bb1 Bb7 17.Qd4 f5 18.Rfd1 Bd5 19.Qh4 Rbc8 20.Qxe7 Bxe7 21.Bb4 Rfd8 22.Ba5 Rf8
23.Bb4 Rfd8 24.Ba5  1/2-1/2

[Event "30th Open"]
[Site "San Sebastian ESP"]
[Date "2007.04.03"]
[Round "3"]
[White "Yrjola,J"]
[Black "San Segundo Carrillo,P"]
[Result "0-1"]
[WhiteElo "2384"]
[BlackElo "2539"]

1.d4 d5 2.c4 c6 3.Nc3 Nf6 4.e3 e6 5.Nf3 Nbd7 6.Qc2 Bd6 7.b3 O-O 8.Be2 b6
9.O-O Bb7 10.Bb2 Qe7 11.Rad1 c5 12.cxd5 exd5 13.Nh4 g6 14.Nb5 Bb8 15.Nf3 a6
16.Nc3 Bd6 17.Qb1 Rac8 18.dxc5 bxc5 19.Qa1 Rfe8 20.Rfe1 Qf8 21.Nd2 d4 22.exd4 cxd4
23.Ncb1 Qh6 24.Nf1 Bb4 25.Bxd4 Bxe1 26.Rxe1 Qg5 27.Ng3 Rxe2  0-1

[Event "8th ch-Euro"]
[Site "Dresden GER"]
[Date "2007.04.04"]
[Round "2"]
[White "Lorscheid,G"]
[Black "Kharlov,A"]
[Result "0-1"]
[WhiteElo "2285"]
[BlackElo "2572"]

1.d4 d5 2.c4 e6 3.Nc3 c6 4.e3 Nf6 5.Nf3 Nbd7 6.Qc2 b6 7.Bd3 Bb7 8.O-O Be7
9.b3 O-O 10.Ne5 c5 11.cxd5 exd5 12.Bb2 g6 13.Rfd1 Rc8 14.Bb5 cxd4 15.exd4 Nxe5
16.dxe5 Ne4 17.Rd3 a6 18.Bc4 Nxc3 19.Qxc3 Qe8 20.e6 f6 21.Rad1 dxc4 22.Rd7 Bc6
23.Qxc4 Bb5 24.Qd4 Rb8 25.Re1 Bc5 26.Qd2 Bxd7 27.exd7 Qf7 28.b4 Be7  0-1

[Event "8th ch-Euro"]
[Site "Dresden GER"]
[Date "2007.04.04"]
[Round "2"]
[White "Jankovic,A"]
[Black "Nielsen,PH"]
[Result "1/2-1/2"]
[WhiteElo "2541"]
[BlackElo "2651"]

1.d4 Nf6 2.c4 e6 3.Nf3 d5 4.Nc3 c6 5.e3 Nbd7 6.Qc2 Bd6 7.b3 O-O 8.Be2 b6
9.O-O Bb7 10.Bb2 Re8 11.Rad1 Qe7 12.e4 Nxe4 13.Nxe4 dxe4 14.Qxe4 Nf6 15.Qe3 c5
16.Ne5 Rad8 17.Bf3 Bxf3 18.Nxf3 cxd4 19.Nxd4 Bxh2+ 20.Kh1 Bb8 21.Nf5 Qc7
22.Nh6+ gxh6 23.Qxh6 Rxd1 24.Qg5+ Kf8 25.Qh6+ Kg8 26.Qg5+ Kf8 27.Qh6+ Kg8
28.Qg5+  1/2-1/2

[Event "8th ch-Euro"]
[Site "Dresden GER"]
[Date "2007.04.04"]
[Round "2"]
[White "Jussupow,Ar"]
[Black "Romanov,E"]
[Result "1/2-1/2"]
[WhiteElo "2599"]
[BlackElo "2501"]

1.d4 Nf6 2.Nf3 d5 3.c4 e6 4.Nc3 c6 5.e3 Nbd7 6.Bd3 dxc4 7.Bxc4 b5 8.Bd3 b4
9.Ne4 Nxe4 10.Bxe4 Bb7 11.Nd2 Be7 12.O-O O-O 13.b3 Nf6 14.Bf3 Nd5 15.Bb2 c5
16.Ne4 Ba6 17.Be2 Bxe2 18.Qxe2 cxd4 19.Bxd4 f5 20.Nc5 Qd6 21.Rac1 e5 22.Bb2 Rac8
23.Nd3 Nc3 24.Bxc3 bxc3 25.Rfd1 Qa6 26.Qc2 Ba3 27.Rb1 Bd6 28.Ne1 Qc6 29.Qe2 f4
30.Nc2 fxe3 31.fxe3 e4 32.Qh5 Rcd8 33.Nd4 Qb6 34.Qd5+ Kh8 35.Qxe4 Rde8 36.Qd3 Qc5
37.Rf1 Qe5 38.Rxf8+ Rxf8 39.g3 h5 40.Qxc3 h4 41.Rf1 hxg3 42.Rxf8+ Bxf8 43.Qd2 Bb4
44.Qe2 Bc5 45.Nc2 g6 46.hxg3 Qxg3+ 47.Kf1 Kg7 48.Qg2 Qe5 49.Ke2 Qb2 50.Qb7+ Kh6
51.Qh1+ Kg7 52.Qe4 Bb6 53.Kf3 Qxa2 54.Qe7+ Kh6 55.Qf8+ Kh7 56.Qf7+ Kh6 57.Qf8+ Kh7
58.Qf7+ Kh6 59.Qf8+  1/2-1/2

[Event "8th ch-Euro"]
[Site "Dresden GER"]
[Date "2007.04.04"]
[Round "2"]
[White "Aleksandrov,A"]
[Black "Dziuba,M"]
[Result "1/2-1/2"]
[WhiteElo "2601"]
[BlackElo "2525"]

1.d4 d5 2.c4 c6 3.Nc3 Nf6 4.e3 e6 5.Nf3 a6 6.b3 Bb4 7.Bd2 Nbd7 8.Bd3 O-O
9.O-O Bd6 10.e4 dxc4 11.Bxc4 e5 12.Bg5 b5 13.Bd3 Bb7 14.Ne2 h6 15.Bh4 Re8
16.Bg3 c5 17.d5 c4 18.bxc4 bxc4 19.Bc2 Qa5 20.Rb1 Rab8 21.Ned4 Qc7 22.Nf5 Bf8
23.Qe2 g6 24.Ne3 Rec8 25.Ba4 Nxe4 26.Bxd7 Nxg3 27.hxg3 Qxd7 28.Nxe5 Qe8 29.N5xc4 Bxd5
30.Nb6 Rxb6 31.Rxb6 Bc4 32.Qxc4 Rxc4 33.Nxc4 Qa4 34.Rc1 Qxa2 35.Rc6 a5 36.Rc8 Kg7
37.Rc7 Kg8 38.Re1 Qa4 39.Kh2 Qb5 40.Rc8 Qh5+ 41.Kg1 Kg7 42.Ree8 Qd1+ 43.Kh2 Qh5+
44.Kg1 Bc5 45.Rg8+ Kh7 46.Rh8+ Kg7 47.Rhg8+ Kh7  1/2-1/2